000 01371cam a2200397 4500
999 _c23217
_d23217
001 vtls011887924
005 20220427112005.0
008 190918s2018 xo gri 000 0 slo
020 _a9788089973040
_q(viazané)
040 _aTTKJF
_bslo
_cTTKJF
_dSNK
_erda
041 0 _aslo
044 _axo
_cSK
072 7 _a82-1/-8
_xLiteratúra rôznych foriem a žánrov (o nej)
_2konspekt
080 _a82-1/-9
_22011
080 _a82-312.4
_22011
080 _a82.0
_22011
100 1 _aFöldvári, Kornel,
_d1932-2015
_4aut
_92939
245 1 _aO detektívke
_cKornel Földvári ; doslov Pavel Vilikovský
250 _aDruhé vydanie
264 1 _aLevice
_bKoloman Kertész Bagala
_c2018
300 _a179 strán
_c22 cm
336 _atext
_btxt
_2rdacontent
337 _abez média
_bn
_2rdamedia
338 _azväzok
_bnc
_2rdacarrier
490 1 _aKornel Földvári
500 _aObsahuje biografické údaje o autorovi na str. 179
650 0 7 _aliterárne žánre
_2SNKPH
_92940
650 0 7 _aLiterary forms
_2SNKPHeng
_92941
650 0 7 _adetektívna literatúra
_2SNKPH
_92942
650 0 7 _aDetective literature
_2SNKPHeng
_92943
650 0 7 _aGenology (literature)
_2SNKPHeng
_92944
650 0 7 _agenológia
_2SNKPH
_92945
655 7 _amonografie
_2SNKPH
_91661
655 7 _aMonographs
_2SNKPHeng
_91662
700 1 _aVilikovský, Pavel,
_d1941-2020
_4aft
_92946